Modification of NR/EPDM/CB composites by co-vulcanization through high energy G-radiation (Record no. 63112)

MARC details
000 -LEADER
fixed length control field 00510nam a2200145Ia 4500
100 ## - MAIN ENTRY--AUTHOR NAME
Personal name Krishantha G D D
245 #0 - TITLE STATEMENT
Title Modification of NR/EPDM/CB composites by co-vulcanization through high energy G-radiation
260 ## - PUBLICATION, DISTRIBUTION, ETC. (IMPRINT)
Name of publisher Proceedings of the Asia Rub Tech Expo, 23-25 November 2006, Indian Rubber Institute, Kochi. pp.115-116.
700 ## - ADDED ENTRY--PERSONAL NAME
Personal name Edirisinghe D G
700 ## - ADDED ENTRY--PERSONAL NAME
Personal name Karunanayake L
700 ## - ADDED ENTRY--PERSONAL NAME
Personal name Kulathunge S S
700 ## - ADDED ENTRY--PERSONAL NAME
Personal name Siriwardena S
942 ## - ADDED ENTRY ELEMENTS (KOHA)
Koha item type Journals
Holdings
Withdrawn status Lost status Damaged status Not for loan Home library Current library Shelving location Date acquired Koha item type
      Journals RRII Library RRII Library Rubber chemistry 21/09/2006 Journals